[Event "US Championship"]
[Site "St Louis, MO USA"]
[Date "2018.04.18"]
[EventDate "2018.04.18"]
[Round "1"]
[Result "0-1"]
[White "Yaroslav Zherebukh"]
[Black "Wesley So"]
[WhiteElo "2640"]
[BlackElo "2786"]
[PlyCount "106"]

1. e4 c5 2. Nf3 d6 3. Bb5+ Nd7 4. Ba4 Ngf6 5. O-O a6 6. c4 g6
7. Nc3 Bg7 8. d3 O-O 9. h3 b6 10. Rb1 Bb7 11. Bg5 h6 12. Be3
Qc7 13. Qd2 Kh7 14. b4 Rac8 15. Rfc1 e6 16. Ne2 Rfd8 17. Ng3
Ba8 18. a3 Nb8 19. Nh2 Nc6 20. f4 Nd4 21. Rf1 b5 22. cxb5 axb5
23. Bd1 Qa7 24. Ra1 cxb4 25. Qxb4 Nd7 26. Kh1 Nc2 27. Bxa7
Nxb4 28. Rb1 Nxd3 29. Rxb5 Bc6 30. Rb1 Ra8 31. Be3 Rxa3
32. Bf3 h5 33. Ne2 N3c5 34. Bxc5 Nxc5 35. e5 Ba4 36. exd6 Rxd6
37. Rbc1 Nb3 38. Rc7 Nd2 39. Re1 Rd7 40. Rxd7 Bxd7 41. Rd1 Ra2
42. Nc1 Ra1 43. Nd3 Rxd1+ 44. Bxd1 Ne4 45. Nf3 Bb5 46. Nfe1 h4
47. Kh2 Bc3 48. Bc2 Bd2 49. Nf3 Bxd3 50. Bxd3 Bxf4+ 51. Kg1
Be3+ 52. Kf1 Ng3+ 53. Ke1 Kg7 0-1

[Event "US Championship"]
[Site "St Louis, MO USA"]
[Date "2018.04.18"]
[EventDate "2018.04.18"]
[Round "1"]
[Result "0-1"]
[White "Alexander Vasilyevich Onischuk"]
[Black "Varuzhan Eduardovich Akobian"]
[WhiteElo "2672"]
[BlackElo "2647"]
[PlyCount "50"]

1. d4 e6 2. c4 f5 3. Nc3 Nf6 4. g3 d5 5. Bg2 c6 6. Nh3 Bd6
7. O-O O-O 8. Qc2 dxc4 9. e4 e5 10. exf5 exd4 11. Ne2 c5
12. Qxc4+ Kh8 13. Ng5 Nc6 14. Bf4 Bxf5 15. Nf7+ Rxf7 16. Qxf7
Rb8 17. Bxc6 bxc6 18. Rfe1 d3 19. Bxd6 Qxd6 20. Nc3 d2 21. Re7
Rg8 22. Rxa7 Bg4 23. Qe7 Qxe7 24. Rxe7 Nd5 25. Re2 d1=Q+ 0-1

[Event "US Championship"]
[Site "St Louis, MO USA"]
[Date "2018.04.18"]
[EventDate "2018.04.18"]
[Round "1"]
[Result "1/2-1/2"]
[White "Awonder Liang"]
[Black "Fabiano Caruana"]
[WhiteElo "2552"]
[BlackElo "2804"]
[PlyCount "104"]

1. e4 c5 2. Nf3 Nc6 3. Bb5 g6 4. Bxc6 dxc6 5. d3 Bg7 6. h3 Nf6
7. Nc3 O-O 8. Be3 b6 9. Qd2 e5 10. Bh6 Re8 11. Bxg7 Kxg7
12. Qe3 Qd6 13. Ne2 a5 14. O-O Nh5 15. Nd2 Nf4 16. Nc4 Qc7
17. a4 Be6 18. b3 b5 19. Nd2 Qd6 20. Nxf4 exf4 21. Qe1 b4
22. Nf3 Qe7 23. Kh2 Qf6 24. g3 g5 25. Rg1 Kh8 26. gxf4 gxf4
27. Ra2 Qh6 28. Ng5 Rad8 29. Nxe6 Rxe6 30. Qe2 Rg6 31. Raa1
Qg7 32. Qf3 Qe5 33. Rxg6 hxg6 34. Rg1 Kg7 35. Rg4 g5 36. Rg2
Rh8 37. Qg4 Kg6 38. f3 Kf6 39. Rg1 Kg6 40. Rg2 Kf6 41. Rg1 Rh6
42. Qd7 Kg7 43. Qd8 Rg6 44. Rg2 Qd4 45. Qxd4+ cxd4 46. Rg4 f6
47. h4 Rh6 48. e5 Rh5 49. exf6+ Kxf6 50. Kh3 Kf5 51. Rxg5+
Rxg5 52. hxg5 Kxg5 1/2-1/2

[Event "US Championship"]
[Site "St Louis, MO USA"]
[Date "2018.04.18"]
[EventDate "2018.04.18"]
[Round "1"]
[Result "1/2-1/2"]
[White "Jeffery Xiong"]
[Black "Zviad Izoria"]
[WhiteElo "2665"]
[BlackElo "2599"]
[PlyCount "124"]

1. d4 Nf6 2. Nf3 g6 3. Nbd2 c5 4. dxc5 Qa5 5. a3 Qxc5 6. b4
Qc7 7. Bb2 Bg7 8. g3 d6 9. Bg2 b6 10. O-O Bb7 11. c4 O-O
12. Qb3 Nbd7 13. Rfd1 Rac8 14. Rac1 a6 15. Nf1 Be4 16. Bh3 h6
17. Ne3 e6 18. Bg2 Qb8 19. Ne1 Bxg2 20. N1xg2 Rc6 21. Nh4 b5
22. Nf3 bxc4 23. Nxc4 Nc5 24. Qe3 Na4 25. Bxf6 Bxf6 26. Qxh6
Rfc8 27. Na5 Rxc1 28. Rxc1 Rxc1+ 29. Qxc1 Nc3 30. Kg2 Qa8
31. Qf4 Kg7 32. Qxd6 Nxe2 33. Qc6 Qxc6 34. Nxc6 Bb2 35. a4 Nc3
36. a5 Nd5 37. Ne1 Bc3 38. Nd3 e5 39. Kf3 f5 40. Ndxe5 Nxb4
41. Ke3 Nxc6 42. Nxc6 g5 43. f3 Kf6 44. Kd3 Be1 45. Ke2 Bc3
46. Kd3 Be1 47. Kc4 Ke6 48. Nd4+ Kd7 49. Nxf5 Bxa5 50. Kd5 Bd8
51. Nd6 a5 52. Nb7 Bb6 53. Nc5+ Ke7 54. Kc4 Kf7 55. Kb5 Bc7
56. Nb7 Kg6 57. Kc6 g4 58. f4 Bxf4 59. gxf4 Kf5 60. Nxa5 Kxf4
61. Nc4 g3 62. hxg3+ Kxg3 1/2-1/2

[Event "US Championship"]
[Site "St Louis, MO USA"]
[Date "2018.04.18"]
[EventDate "2018.04.18"]
[Round "1"]
[Result "1/2-1/2"]
[White "Aleksandr Lenderman"]
[Black "Samuel Shankland"]
[WhiteElo "2599"]
[BlackElo "2671"]
[PlyCount "82"]

1. Nf3 d5 2. g3 g6 3. c4 dxc4 4. Na3 Bg7 5. Nxc4 Nc6 6. d3 Nh6
7. Bg2 O-O 8. O-O Nf5 9. Bd2 Nd6 10. Nxd6 cxd6 11. Bc3 Qb6
12. Qa4 d5 13. Bxg7 Kxg7 14. Qa3 Bg4 15. e3 Bxf3 16. Bxf3 e6
17. d4 Rfc8 18. Rfc1 Qb4 19. Qd3 Rc7 20. Rc2 Rac8 21. Rac1 Qa4
22. Qa3 Qxa3 23. bxa3 f5 24. Be2 Kf6 25. Kf1 Ke7 26. Ke1 Kd6
27. Kd2 e5 28. dxe5+ Nxe5 29. Rxc7 Rxc7 30. Rxc7 Kxc7 31. Kc3
Kd6 32. f4 Nc6 33. g4 fxg4 34. Bxg4 Kc5 35. Be6 h6 36. Kd3 g5
37. h3 Kd6 38. Bc8 b6 39. Bb7 Nd8 40. Bc8 Nc6 41. Bb7 Nd8
1/2-1/2

[Event "US Championship"]
[Site "St Louis, MO USA"]
[Date "2018.04.19"]
[EventDate "2018.04.18"]
[Round "2"]
[Result "1/2-1/2"]
[White "Samuel Shankland"]
[Black "Jeffery Xiong"]
[WhiteElo "2671"]
[BlackElo "2665"]
[PlyCount "60"]

1. c4 g6 2. Nc3 c5 3. d4 cxd4 4. Qxd4 Nf6 5. e4 Nc6 6. Qe3 d6
7. Be2 Bg7 8. Nf3 Bg4 9. O-O O-O 10. Rb1 Qb6 11. Rd1 Rfc8
12. b3 Nd7 13. Qd2 Qa5 14. Bb2 a6 15. a3 Bxf3 16. Bxf3 Nd4
17. Nd5 Nxf3+ 18. gxf3 Qd8 19. Qg5 Bxb2 20. Rxb2 e6 21. Qxd8+
Rxd8 22. Ne3 Nc5 23. b4 Na4 24. Rbd2 Nc3 25. Rc1 Na4 26. Rcd1
Nc3 27. Rc1 Na4 28. Rcd1 Nc3 29. Rc1 Na4 30. Rcd1 Nc3 1/2-1/2

[Event "US Championship"]
[Site "St Louis, MO USA"]
[Date "2018.04.19"]
[EventDate "2018.04.18"]
[Round "2"]
[Result "1-0"]
[White "Wesley So"]
[Black "Alexander Onischuk"]
[WhiteElo "2786"]
[BlackElo "2672"]
[PlyCount "89"]

1. e4 e5 2. Nf3 Nc6 3. Bb5 a6 4. Ba4 Nf6 5. O-O Be7 6. d3 d6
7. c3 O-O 8. Re1 Bg4 9. Nbd2 Nd7 10. h3 Bh5 11. Bc2 Nb6
12. Nf1 d5 13. Ng3 Bg6 14. Qe2 Re8 15. Be3 Qd6 16. Bxb6 cxb6
17. h4 h6 18. Bb3 d4 19. cxd4 Nxd4 20. Nxd4 Qxd4 21. Qg4 Qd6
22. d4 Kh8 23. Rad1 Qf6 24. h5 Bh7 25. dxe5 Qxe5 26. Bxf7 Rf8
27. Qe6 Bf6 28. Qxe5 Bxe5 29. Rd7 Rad8 30. Rxd8 Rxd8 31. b3
Rd7 32. Be6 Re7 33. Bd5 Bxg3 34. fxg3 Bg8 35. Kf2 Be6 36. Bxe6
Rxe6 37. Ke3 Kg8 38. Rf1 g6 39. hxg6 Rxg6 40. Rf3 Kg7 41. e5
Rg4 42. Kd3 b5 43. e6 Rg6 44. e7 Rd6+ 45. Ke2 1-0

[Event "US Championship"]
[Site "St Louis, MO USA"]
[Date "2018.04.19"]
[EventDate "2018.04.18"]
[Round "2"]
[Result "1-0"]
[White "Varuzhan Eduardovich Akobian"]
[Black "Awonder Liang"]
[WhiteElo "2647"]
[BlackElo "2552"]
[PlyCount "69"]

1. d4 Nf6 2. c4 e6 3. Nf3 d5 4. cxd5 exd5 5. Nc3 c6 6. Qc2 Be7
7. Bf4 Be6 8. h3 Nh5 9. Bh2 Bd6 10. Bxd6 Qxd6 11. e3 Nd7
12. Bd3 h6 13. a3 Nhf6 14. Na4 O-O 15. O-O b6 16. Rfc1 Rfc8
17. Ba6 Rc7 18. Nc3 b5 19. b4 Ne8 20. a4 Qxb4 21. Rcb1 Qe7
22. axb5 c5 23. dxc5 Qxc5 24. Rc1 Nb6 25. Nd4 Nf6 26. Qb3 Qd6
27. Na4 Bd7 28. Nc3 Re8 29. Rc2 Nh7 30. Rac1 Ng5 31. Nce2 Nc4
32. Nf4 Ne6 33. Ndxe6 Bxe6 34. Qd3 Ree7 35. Rxc4 1-0

[Event "US Championship"]
[Site "St Louis, MO USA"]
[Date "2018.04.19"]
[EventDate "2018.04.18"]
[Round "2"]
[Result "1-0"]
[White "Ray Robson"]
[Black "Zviad Izoria"]
[WhiteElo "2660"]
[BlackElo "2599"]
[PlyCount "79"]

1. e4 e5 2. Nf3 Nc6 3. Bb5 Nf6 4. d3 Bc5 5. Bxc6 dxc6 6. Nbd2
Be6 7. O-O Nd7 8. Nb3 Bb6 9. Ng5 Bxb3 10. axb3 f6 11. Nf3 O-O
12. Nd2 Nc5 13. Nc4 Qd7 14. Kh1 Ne6 15. g3 a6 16. Be3 Bd4
17. Bxd4 Qxd4 18. Qg4 Rae8 19. Rad1 Qc5 20. Ne3 a5 21. Rde1
Nd4 22. f4 exf4 23. gxf4 Nxc2 24. Nf5 g6 25. Rc1 Qb5 26. Rf3
Nb4 27. Nh6+ Kh8 28. Qd7 Nxd3 29. Rxd3 Rxe4 30. Nf7+ Kg8
31. Nh6+ Kh8 32. Nf7+ Kg8 33. Nd8 Rfe8 34. Qf7+ Kh8 35. Qxf6+
Kg8 36. Qf7+ Kh8 37. Qf6+ Kg8 38. Nf7 Qh5 39. Ne5 Rf8 40. Rd8
1-0

[Event "US Championship"]
[Site "St Louis, MO USA"]
[Date "2018.04.20"]
[EventDate "2018.04.18"]
[Round "3"]
[Result "0-1"]
[White "Zviad Izoria"]
[Black "Samuel Shankland"]
[WhiteElo "2599"]
[BlackElo "2671"]
[PlyCount "68"]

1. c4 e6 2. Nc3 d5 3. d4 Nf6 4. cxd5 Nxd5 5. Nf3 c5 6. e3 cxd4
7. exd4 Nxc3 8. bxc3 Qc7 9. Bb2 Nd7 10. Bd3 Be7 11. O-O b6
12. d5 O-O 13. dxe6 fxe6 14. Qc2 h6 15. Bh7+ Kh8 16. Be4 Rb8
17. c4 Bf6 18. Ba3 Nc5 19. Rad1 Bd7 20. Bxc5 bxc5 21. Rb1 Rb4
22. Qe2 Rfb8 23. Bc2 Rxb1 24. Bxb1 Kg8 25. h4 Kf8 26. Qe3 Rb2
27. g4 Qd6 28. g5 hxg5 29. hxg5 Bd4 30. Nxd4 Qxd4 31. Be4 Rxa2
32. Qf3+ Ke7 33. Rd1 Ra1 34. Bb1 Bc6 0-1

[Event "US Championship"]
[Site "St Louis, MO USA"]
[Date "2018.04.20"]
[EventDate "2018.04.18"]
[Round "3"]
[Result "1/2-1/2"]
[White "Awonder Liang"]
[Black "Wesley So"]
[WhiteElo "2552"]
[BlackElo "2786"]
[PlyCount "113"]

1. e4 e6 2. d4 d5 3. Nd2 Be7 4. Bd3 c5 5. dxc5 Nf6 6. Qe2 O-O
7. Ngf3 a5 8. O-O Na6 9. e5 Nd7 10. c4 Ndxc5 11. Bb1 d4
12. Rd1 d3 13. Qe3 b6 14. Ne1 Bb7 15. Nxd3 Qc7 16. Nf4 Rfd8
17. Re1 Bg5 18. Nf1 Nb4 19. Qg3 Bxf4 20. Bxf4 Nbd3 21. Re3 Ne4
22. Qh4 Qxc4 23. Bg5 Rd4 24. Bxd3 Nxg5 25. Bxc4 Rxh4 26. Be2
Rc8 27. Rb3 Re4 28. Ne3 Rb4 29. Rxb4 axb4 30. Rd1 h6 31. h4
Ne4 32. Bf3 Nc5 33. Bxb7 Nxb7 34. Rd4 b3 35. axb3 Na5 36. b4
Rc1+ 37. Kh2 Nc6 38. Rc4 Rxc4 39. Nxc4 b5 40. Nd6 Nxb4
41. Nxb5 Nd3 42. Kg3 Nxb2 43. f4 h5 44. Nd6 Kf8 45. Kf3 Nd3
46. Ke4 Nf2+ 47. Kf3 Ng4 48. Ke4 Nh6 49. f5 Ke7 50. Kf4 Ng4
51. fxe6 Kxe6 52. Nf5 g6 53. Nd4+ Kd5 54. Nf3 Nf2 55. Kg5 Ke6
56. Kf4 Kd5 57. Kg5 1/2-1/2

[Event "US Championship"]
[Site "St Louis, MO USA"]
[Date "2018.04.20"]
[EventDate "2018.04.18"]
[Round "3"]
[Result "1/2-1/2"]
[White "Aleksandr Lenderman"]
[Black "Varuzhan Eduardovich Akobian"]
[WhiteElo "2599"]
[BlackElo "2647"]
[PlyCount "137"]

1. Nf3 d5 2. d4 Nf6 3. c4 e6 4. Nc3 a6 5. cxd5 exd5 6. Bg5 Be7
7. e3 c6 8. Qc2 Nbd7 9. Bd3 O-O 10. O-O h6 11. Bh4 Nh5
12. Bxe7 Qxe7 13. Rfe1 Nhf6 14. Rab1 Qd6 15. b4 Re8 16. a4 a5
17. bxa5 Rxa5 18. Nd2 Ra8 19. Nb3 b6 20. Rec1 Ba6 21. Bf5 c5
22. Rd1 cxd4 23. Nxd4 Nc5 24. Qb2 Rab8 25. Qa3 Red8 26. Ncb5
Bxb5 27. Nxb5 Qf8 28. Qb4 Ra8 29. Bc2 Ne6 30. Qb2 Rdc8 31. Bf5
Rxa4 32. Nc3 Rac4 33. Nxd5 Nxd5 34. Rxd5 Rb4 35. Qa2 Ra8
36. Qc2 Rc8 37. Qd1 Rxb1 38. Qxb1 Rc6 39. g3 Rd6 40. Qd1 Rxd5
41. Qxd5 Qe8 42. Kf1 Nc7 43. Qd4 Qb5+ 44. Bd3 Qd5 45. Qc3 Ne8
46. e4 Qc5 47. Qxc5 bxc5 48. Ke2 f6 49. f4 Kf7 50. Bc4+ Ke7
51. e5 g5 52. Kf3 gxf4 53. gxf4 fxe5 54. fxe5 Nf6 55. h4 Nd7
56. Ke4 Nb6 57. Bg8 Kf8 58. Ba2 Ke7 59. Bg8 Kf8 60. Bb3 Ke7
61. h5 c4 62. Bd1 Nd7 63. Kd4 c3 64. Bb3 c2 65. Bxc2 Nxe5
66. Kxe5 Kf7 67. Kf5 Kg7 68. Ke6 Kh8 69. Kf7 1/2-1/2

[Event "US Championship"]
[Site "St Louis, MO USA"]
[Date "2018.04.20"]
[EventDate "2018.04.18"]
[Round "3"]
[Result "0-1"]
[White "Jeffery Xiong"]
[Black "Fabiano Caruana"]
[WhiteElo "2665"]
[BlackElo "2804"]
[PlyCount "98"]

1. d4 Nf6 2. Nf3 e6 3. c4 c5 4. d5 d6 5. Nc3 exd5 6. cxd5 g6
7. Bf4 Bg7 8. e3 O-O 9. h3 Qe7 10. Nd2 Nh5 11. Bh2 f5 12. Be2
f4 13. O-O fxe3 14. Nde4 exf2+ 15. Kh1 Bxc3 16. Nxc3 Ng7
17. Bf3 Nd7 18. Rxf2 Ne5 19. Re2 Nf5 20. Bxe5 dxe5 21. d6 Nxd6
22. Qd5+ Nf7 23. Ne4 Rb8 24. Qxc5 Qxc5 25. Nxc5 b6 26. Ne4 Bf5
27. Nc3 Rbd8 28. a4 a5 29. Bd5 Rfe8 30. Bxf7+ Kxf7 31. Rf1 Ke6
32. Rfe1 Kf6 33. Rf1 Ke6 34. Rfe1 Kd6 35. Re3 Kc6 36. Nb5 Re7
37. g4 Bd3 38. Nc3 Bc4 39. Rc1 Kb7 40. Re4 Rd4 41. Kg1 Bb3
42. Kf2 Rd2+ 43. Re2 Rf7+ 44. Ke3 Rd4 45. Nb5 Rdd7 46. Nc3 Rf4
47. Rd2 Rfd4 48. Rf2 Bxa4 49. Rf6 Bc6 0-1

[Event "US Championship"]
[Site "St Louis, MO USA"]
[Date "2018.04.20"]
[EventDate "2018.04.18"]
[Round "3"]
[Result "1-0"]
[White "Yaroslav Zherebukh"]
[Black "Ray Robson"]
[WhiteElo "2640"]
[BlackElo "2660"]
[PlyCount "101"]

1. d4 d5 2. c4 c6 3. cxd5 cxd5 4. Nc3 Nf6 5. Nf3 Nc6 6. Bf4
Bf5 7. e3 e6 8. Qb3 Bb4 9. Ne5 Bxc3+ 10. bxc3 Nxe5 11. Bxe5
O-O 12. Rc1 Ne4 13. h4 f6 14. Bh2 Qd7 15. Bb5 Qe7 16. Be2 Rac8
17. f3 Nd6 18. Qa3 Rc6 19. c4 Ra6 20. Bxd6 Qxd6 21. Qxd6 Rxd6
22. c5 Rc6 23. g4 Bg6 24. h5 Be8 25. Kd2 b6 26. Bb5 Rc8
27. Ba6 Rc6 28. Bd3 bxc5 29. Rxc5 Rxc5 30. dxc5 h6 31. Rb1 Bc6
32. f4 Kf7 33. Kc3 Ke7 34. Rb3 Ra8 35. Ra3 a5 36. Rb3 Kd7
37. Rb6 e5 38. fxe5 fxe5 39. a4 Kc7 40. Bb5 Bxb5 41. axb5 a4
42. Rg6 Ra5 43. Rxg7+ Kd8 44. Kb4 a3 45. Kxa5 a2 46. Kb6 a1=Q
47. c6 Ke8 48. c7 Kf8 49. Rh7 Kg8 50. Rd7 Qc3 51. Kb7 1-0

[Event "US Championship"]
[Site "St Louis, MO USA"]
[Date "2018.04.21"]
[EventDate "2018.04.18"]
[Round "4"]
[Result "1/2-1/2"]
[White "Yaroslav Zherebukh"]
[Black "Alexander Onischuk"]
[WhiteElo "2640"]
[BlackElo "2672"]
[PlyCount "59"]

1. d4 Nf6 2. c4 e6 3. g3 d5 4. Nf3 Be7 5. Bg2 O-O 6. O-O dxc4
7. Qc2 a6 8. a4 Bd7 9. Rd1 Bc6 10. Bg5 Nbd7 11. Nbd2 h6
12. Bxf6 Nxf6 13. Nxc4 Be4 14. Qc1 Bd6 15. Nfd2 Bxg2 16. Kxg2
Bb4 17. Nf3 Qe7 18. Nce5 c5 19. Nd3 cxd4 20. Nxb4 Qxb4
21. Rxd4 Qb6 22. a5 Qb5 23. Rc4 Rfd8 24. Qc2 b6 25. axb6 Qxb6
26. Rc6 Qb5 27. Rc5 Qb6 28. Rc6 Qb5 29. Rc5 Qb6 30. Rc6
1/2-1/2

[Event "US Championship"]
[Site "St Louis, MO USA"]
[Date "2018.04.21"]
[EventDate "2018.04.18"]
[Round "4"]
[Result "1/2-1/2"]
[White "Wesley So"]
[Black "Aleksandr Lenderman"]
[WhiteElo "2786"]
[BlackElo "2599"]
[PlyCount "92"]

1. Nf3 d5 2. e3 Nf6 3. c4 e6 4. b3 Be7 5. Bb2 O-O 6. Nc3 c5
7. cxd5 Nxd5 8. Qc2 Nb4 9. Qe4 f5 10. Qb1 N8c6 11. a3 Nd5
12. Qc2 b6 13. Nxd5 exd5 14. d4 Be6 15. Bb5 Na5 16. Bc3 Nb7
17. O-O Nd6 18. Ba6 Ne4 19. Ne5 Bd6 20. Bb2 f4 21. f3 Ng5
22. exf4 Rxf4 23. Rae1 cxd4 24. Nd3 Rh4 25. g3 Rh6 26. Bxd4
Bh3 27. Bb7 Bxf1 28. Kxf1 Rb8 29. Bxd5+ Kh8 30. f4 Bc5
31. fxg5 Bxd4 32. gxh6 Qxd5 33. hxg7+ Bxg7 34. Nf2 Rf8 35. Re4
Bd4 36. Rf4 Rxf4 37. gxf4 a5 38. a4 b5 39. axb5 Qxb5+ 40. Kg2
Qd5+ 41. Ne4 h6 42. Kg3 Qg8+ 43. Kf3 Qd5 44. h3 Qh5+ 45. Kg3
Qg6+ 46. Kf3 Qh5+ 1/2-1/2

[Event "US Championship"]
[Site "St Louis, MO USA"]
[Date "2018.04.21"]
[EventDate "2018.04.18"]
[Round "4"]
[Result "1/2-1/2"]
[White "Varuzhan Eduardovich Akobian"]
[Black "Jeffery Xiong"]
[WhiteElo "2647"]
[BlackElo "2665"]
[PlyCount "96"]

1. d4 Nf6 2. c4 g6 3. Nc3 d5 4. Bf4 Bg7 5. e3 O-O 6. Rc1 c5
7. dxc5 Be6 8. Nf3 Nc6 9. Be2 Ne4 10. Nd4 Nxd4 11. exd4 Nxc3
12. bxc3 dxc4 13. Bf3 Bd5 14. O-O Qd7 15. Re1 b6 16. Rxe7 Qxe7
17. Bxd5 bxc5 18. Bxa8 Rxa8 19. d5 Rd8 20. Qf3 h6 21. h3 f5
22. d6 Qe6 23. h4 g5 24. hxg5 hxg5 25. Bxg5 Rxd6 26. Qa8+ Kh7
27. Qxa7 Rd3 28. Qxc5 Rxc3 29. Rxc3 Bxc3 30. Be3 Qe4 31. a4
Be5 32. g3 Kg6 33. Qb6+ Kf7 34. Qa7+ Ke6 35. Qb6+ Kf7 36. a5
f4 37. gxf4 Bxf4 38. a6 Bxe3 39. fxe3 c3 40. Qc7+ Ke6 41. Qc8+
Ke7 42. Qxc3 Qg6+ 43. Kf2 Qxa6 44. Qe5+ Kf7 45. Kg3 Qg6+
46. Kf3 Qc6+ 47. e4 Qf6+ 48. Qxf6+ Kxf6 1/2-1/2

[Event "US Championship"]
[Site "St Louis, MO USA"]
[Date "2018.04.21"]
[EventDate "2018.04.18"]
[Round "4"]
[Result "0-1"]
[White "Ray Robson"]
[Black "Samuel Shankland"]
[WhiteElo "2660"]
[BlackElo "2671"]
[PlyCount "88"]

1. e4 e5 2. Nf3 Nc6 3. Bb5 a6 4. Ba4 Nf6 5. O-O Nxe4 6. d4 b5
7. Bb3 d5 8. dxe5 Be6 9. c3 Be7 10. Bf4 O-O 11. Nd4 Nxd4
12. cxd4 f6 13. Nd2 fxe5 14. Bxe5 Nd6 15. Bc2 Qd7 16. Re1 Nc4
17. Nf3 Bg4 18. Qd3 g6 19. b3 Bxf3 20. bxc4 dxc4 21. Qe3 Bd5
22. Qg3 Bf6 23. h4 Qg7 24. Re3 c6 25. Rae1 Qh6 26. Bxf6 Rxf6
27. Re8+ Rxe8 28. Rxe8+ Kf7 29. Qe5 Qc1+ 30. Bd1 Kg7 31. Qe7+
Rf7 32. Qe5+ Kh6 33. Qe1 Qf4 34. g4 Kg7 35. g5 c3 36. Qe5+
Qxe5 37. dxe5 Rd7 38. h5 gxh5 39. Bc2 Bf7 40. Rc8 Rd2 41. Rc7
Rxc2 42. e6 Re2 43. Rxf7+ Kg6 44. Kf1 Rxe6 0-1

[Event "US Championship"]
[Site "St Louis, MO USA"]
[Date "2018.04.21"]
[EventDate "2018.04.18"]
[Round "4.1"]
[Result "0-1"]
[White "Fabiano Caruana"]
[Black "Zviad Izoria"]
[WhiteElo "2804"]
[BlackElo "2599"]
[PlyCount "163"]

1. e4 e5 2. Nf3 Nc6 3. Bc4 Bc5 4. c3 Nf6 5. d3 d6 6. O-O h6
7. Re1 O-O 8. h3 a5 9. Nbd2 a4 10. Nf1 Bd7 11. d4 Bb6 12. Ng3
Re8 13. Bf1 Qb8 14. d5 Ne7 15. Nh4 Kh7 16. Qf3 Qd8 17. Bd2
Neg8 18. Nhf5 g6 19. Ne3 Kg7 20. Nc4 Ba7 21. Be3 Bxe3 22. Qxe3
Nh7 23. f4 b5 24. Nd2 exf4 25. Qxf4 Qf6 26. Qe3 Ne7 27. Qf3
Rab8 28. a3 c5 29. Rad1 Nc8 30. Qe3 Nb6 31. Nf3 Ng5 32. Nh2
Nh7 33. Be2 Qg5 34. Qf2 Qf6 35. Qe3 Qg5 36. Qf3 Qf6 37. Bd3
Qxf3 38. Nxf3 f6 39. h4 h5 40. Kf2 Nf8 41. Nd2 Nc8 42. Rb1 Ne7
43. Ngf1 Ng8 44. Ne3 Nh6 45. Be2 f5 46. b3 axb3 47. Rxb3 c4
48. Rb4 fxe4 49. Reb1 Ra8 50. a4 Rxa4 51. Rxa4 bxa4 52. Ndxc4
Nf7 53. Rb7 Kf6 54. Bd1 Ra8 55. Nb6 Rd8 56. Nec4 Bb5 57. Nd2
Bd3 58. Ke3 Ne5 59. Bxa4 g5 60. hxg5+ Kxg5 61. Nxe4+ Bxe4
62. Kxe4 Nfg6 63. Nd7 Rc8 64. Bc6 Nxc6 65. dxc6 Rxc6 66. Kd4
Nf4 67. c4 Nxg2 68. Kd5 Rc8 69. Nb6 Ne3+ 70. Ke6 Rc6 71. Kd7
Nxc4 72. Kxc6 Na5+ 73. Kxd6 Nxb7+ 74. Kd5 Kf4 75. Nc4 h4
76. Nd2 h3 77. Nf1 Nd8 78. Kd4 Nf7 79. Kd5 Ne5 80. Kd4 Ng4
81. Kd3 Kf3 82. Kd4 0-1

[Event "US Championship"]
[Site "St Louis, MO USA"]
[Date "2018.04.22"]
[EventDate "2018.04.18"]
[Round "5"]
[Result "1/2-1/2"]
[White "Awonder Liang"]
[Black "Yaroslav Zherebukh"]
[WhiteElo "2552"]
[BlackElo "2640"]
[PlyCount "60"]

1. e4 e5 2. Nf3 Nf6 3. Nc3 Nc6 4. Bb5 Nd4 5. Bc4 Bc5 6. Nxe5
Qe7 7. Nf3 d5 8. Bxd5 Bg4 9. d3 O-O-O 10. Be3 Nxd5 11. Nxd5
Rxd5 12. exd5 Re8 13. c3 Nxf3+ 14. gxf3 Qh4 15. Kd2 Rxe3
16. fxe3 Qf2+ 17. Kc1 Bxe3+ 18. Kb1 Bxf3 19. Qe1 Bxh1 20. Qxh1
Qe2 21. a4 Qxd3+ 22. Ka2 Qc4+ 23. Kb1 Qd3+ 24. Ka2 Qc4+
25. Kb1 Qd3+ 26. Ka2 Qc4+ 27. Kb1 Qd3+ 28. Ka2 Qc4+ 29. Kb1
Qd3+ 30. Ka2 Qc4+ 1/2-1/2

[Event "US Championship"]
[Site "St Louis, MO USA"]
[Date "2018.04.22"]
[EventDate "2018.04.18"]
[Round "5"]
[Result "1/2-1/2"]
[White "Jeffery Xiong"]
[Black "Wesley So"]
[WhiteElo "2665"]
[BlackElo "2786"]
[PlyCount "44"]

1. d4 Nf6 2. Nf3 d5 3. c4 e6 4. g3 Be7 5. Bg2 O-O 6. O-O dxc4
7. Qc2 a6 8. a4 Bd7 9. Qxc4 Bc6 10. Bg5 h6 11. Bxf6 Bxf6
12. Rd1 a5 13. Nc3 Bd5 14. Qb5 Ra6 15. Nxd5 exd5 16. Ne5 c6
17. Qxb7 Rb6 18. Qa7 Be7 19. Nd3 Ra6 20. Qb7 Rb6 21. Qa7 Ra6
22. Qb7 Rb6 1/2-1/2

[Event "US Championship"]
[Site "St Louis, MO USA"]
[Date "2018.04.22"]
[EventDate "2018.04.18"]
[Round "5"]
[Result "1/2-1/2"]
[White "Samuel Shankland"]
[Black "Fabiano Caruana"]
[WhiteElo "2671"]
[BlackElo "2804"]
[PlyCount "87"]

1. d4 d5 2. c4 dxc4 3. Nf3 Nf6 4. e3 e6 5. Bxc4 c5 6. O-O a6
7. a4 cxd4 8. exd4 g6 9. Nc3 Bg7 10. d5 exd5 11. Re1+ Be6
12. Nxd5 Nxd5 13. Bxd5 O-O 14. Bxe6 fxe6 15. Qe2 Qd5 16. Rd1
Qf5 17. Ng5 Nc6 18. Qxe6+ Kh8 19. Qxf5 Rxf5 20. Ne6 Be5
21. Be3 Re8 22. Nc5 Bf4 23. Bxf4 Rxf4 24. f3 Rb4 25. Rd2 Re7
26. Kf1 a5 27. Re1 Rxe1+ 28. Kxe1 Kg8 29. b3 b6 30. Rd6 Ne7
31. Nd7 Rxb3 32. Rxb6 Ra3 33. Nc5 Ra2 34. Re6 Nd5 35. Re2 Ra1+
36. Kf2 Nc3 37. Re8+ Kf7 38. Ra8 Ra2+ 39. Kg3 g5 40. Kg4 Rxg2+
41. Kf5 Rxh2 42. Ra7+ Ke8 43. Rxa5 Rf2 44. Kxg5 1/2-1/2

[Event "US Championship"]
[Site "St Louis, MO USA"]
[Date "2018.04.22"]
[EventDate "2018.04.18"]
[Round "5"]
[Result "1/2-1/2"]
[White "Zviad Izoria"]
[Black "Varuzhan Eduardovich Akobian"]
[WhiteElo "2599"]
[BlackElo "2647"]
[PlyCount "104"]

1. c4 e5 2. Nc3 Nf6 3. Nf3 Nc6 4. g3 Bb4 5. Bg2 O-O 6. O-O d6
7. Nd5 Bc5 8. e3 Bg4 9. h3 Bh5 10. d3 Nxd5 11. cxd5 Ne7 12. g4
Bg6 13. d4 exd4 14. Nxd4 Qd7 15. e4 c6 16. dxc6 bxc6 17. Nf5
Rad8 18. Qc2 Bxf5 19. exf5 Bd4 20. Rb1 c5 21. b4 Nc6 22. bxc5
dxc5 23. Bf4 Nb4 24. Qc4 Nd5 25. Bxd5 Qxd5 26. Qxd5 Rxd5
27. Rb7 c4 28. Rc1 c3 29. Be3 Bxe3 30. fxe3 Rd2 31. Rxc3 Rxa2
32. Rbc7 f6 33. Rc8 a5 34. Rxf8+ Kxf8 35. Rc7 a4 36. Ra7 a3
37. h4 h6 38. g5 hxg5 39. hxg5 fxg5 40. e4 Re2 41. Rxa3 Rxe4
42. Kg2 Kf7 43. Ra6 Re5 44. Kg3 Rxf5 45. Kg4 Re5 46. Rb6 g6
47. Ra6 Kg7 48. Ra8 Kh6 49. Rh8+ Kg7 50. Ra8 Kf6 51. Rf8+ Kg7
52. Ra8 Kf6 1/2-1/2

[Event "US Championship"]
[Site "St Louis, MO USA"]
[Date "2018.04.22"]
[EventDate "2018.04.18"]
[Round "5"]
[Result "1/2-1/2"]
[White "Alexander Onischuk"]
[Black "Ray Robson"]
[WhiteElo "2672"]
[BlackElo "2660"]
[PlyCount "101"]

1. d4 Nf6 2. c4 g6 3. Nc3 d5 4. cxd5 Nxd5 5. e4 Nxc3 6. bxc3
Bg7 7. Nf3 c5 8. Be3 Qa5 9. Qd2 Nc6 10. Rb1 cxd4 11. cxd4 O-O
12. Qxa5 Nxa5 13. Bd3 Bg4 14. h3 Bxf3 15. gxf3 Rfd8 16. d5 e6
17. Bg5 f6 18. Bd2 b6 19. Bxa5 bxa5 20. Bc4 Rac8 21. Bb3 exd5
22. Bxd5+ Kf8 23. O-O Rc7 24. Rb5 f5 25. Rxa5 Bd4 26. Rb5 Kg7
27. Rd1 Bb6 28. Rd2 Rc3 29. Kg2 Kf6 30. Re2 Rdc8 31. Bb3 R8c5
32. e5+ Ke7 33. Rxc5 Rxc5 34. f4 Rc7 35. h4 Rd7 36. Rc2 Rd4
37. Kg3 Rd3+ 38. f3 Ba5 39. Rc8 Be1+ 40. Kg2 Rd8 41. Rc1 Bd2
42. Rc4 Be3 43. h5 gxh5 44. Rc7+ Rd7 45. Rc6 Rd2+ 46. Kf1 Rf2+
47. Ke1 Rxf3 48. Ke2 Rg3 49. Rf6 Bxf4 50. Rxf5 Bg5 51. Rf7+
1/2-1/2

[Event "US Championship"]
[Site "St Louis, MO USA"]
[Date "2018.04.23"]
[EventDate "2018.04.18"]
[Round "6"]
[Result "1/2-1/2"]
[White "Yaroslav Zherebukh"]
[Black "Aleksandr Lenderman"]
[WhiteElo "2640"]
[BlackElo "2599"]
[PlyCount "60"]

1. d4 Nf6 2. c4 e6 3. Nf3 d5 4. Nc3 dxc4 5. e3 a6 6. a4 c5
7. Bxc4 Be7 8. O-O Nc6 9. Qe2 cxd4 10. Rd1 e5 11. exd4 exd4
12. Nxd4 Nxd4 13. Qe5 Qd6 14. Qxd6 Bxd6 15. Rxd4 Be5 16. Rh4
O-O 17. Bf4 Bxf4 18. Rxf4 Re8 19. Nd5 Nxd5 20. Bxd5 Re7
21. Re4 Be6 22. Rae1 Rd8 23. Bxe6 Rxe6 24. Kf1 Rxe4 25. Rxe4
Kf8 26. Rb4 Rd7 27. Ke2 Ke7 28. h4 h5 29. g3 g6 30. Re4+ Kf6
1/2-1/2